The European Handbook : Všeobecný sprievodca európskymi inštitúciami
Gespeichert in:
| 1. Verfasser: | |
|---|---|
| Format: | Buch |
| Sprache: | Slowakisch |
| Veröffentlicht: |
Bratislava :
Merkury s.r.o.,
2002
|
| Tags: |
Keine Tags, Fügen Sie das erste Tag hinzu!
|
MARC
| LEADER | 00000nam a22000003a 4500 | ||
|---|---|---|---|
| 001 | stu199673 | ||
| 005 | 20220510081718.7 | ||
| 008 | 100211s2002----xo------------------slo-d | ||
| 020 | |a 80-968789-3-X | ||
| 040 | |a STU |b slo | ||
| 041 | 0 | |a slo | |
| 044 | |a xo | ||
| 080 | |a 339.923(4) | ||
| 100 | 1 | |a Coronakis, Basil A. |4 aut | |
| 245 | 1 | |a The European Handbook : |b Všeobecný sprievodca európskymi inštitúciami | |
| 260 | |a Bratislava : |b Merkury s.r.o., |c 2002 | ||
| 300 | |a 169 s | ||
| 996 | |b 284V033459 |c V*9176/K-2285a |l VVT |s A |a 24 |w stu199673_0001 | ||
| 996 | |b 284V033458 |c V*9175/K-2285 |l VVT |s A |a 24 |w stu199673_0002 | ||
| 996 | |b 284V033955 |c V*9208/K-2300a |l VVT |s A |a 24 |w stu199673_0003 | ||
| 996 | |b 284V033954 |c V*9207/K-2300 |l VVT |s A |a 24 |w stu199673_0004 | ||
| 996 | |b 284V040555 |c V* 9378/K-2458 |l VVT |s A |a 24 |w stu199673_0005 | ||